The principles of chemical equilibrium : with applications in chemistry and chemical engineering /

Guardado en:
Autor Principal: Denbigh, Kenneth
Formato: Libro
Idioma:English
Publicado: Cambridge [Eng.] : University Press, 1971.
Edición:3rd ed.
Materias:
Etiquetas: Agregar Etiqueta
Sin Etiquetas, Sea el primero en etiquetar este registro!
LEADER 00838nam a22002415a 4500
001 EIQ.libpla000638
008 710813s1971####enka##########001#0#eng#d
005 20080613181019.0
245 1 4 |a The principles of chemical equilibrium :  |b with applications in chemistry and chemical engineering /  |c by Kenneth Denbigh. 
250 |a 3rd ed. 
260 |a Cambridge [Eng.] :  |b University Press,  |c 1971. 
300 |a xxi, 494 p. :  |b il. ;  |c 22 cm. 
500 |a Incluye índice. 
020 |a 0521081513 
100 1 |a Denbigh, Kenneth  |q (Kenneth George) 
082 0 0 |a 541/.392 
650 4 |a Equilibrio químico  |x Teoría. 
650 4 |a Termodinámica  |x Teoría. 
650 4 |a Chemical equilibrium  |x Theory. 
650 4 |a Thermodynamics  |x Theory. 
010 |a  74152638  
040 |a DLC  |c DLC  |d AR-BbSID 
859 |a AR-BbSID  |b BIB. PLAPIQUI  |h 541.369  |i D 41  |p 5771